Statistical illusions, solutions / (Record no. 6915)

MARC details
000 -LEADER
fixed length control field 01170pam a2200181 a 4500
020 ## - INTERNATIONAL STANDARD BOOK NUMBER
ISBN 0060429690 (pbk.)
050 00 - CALL NUMBER
Classification number QA276.2
Item number .H825 1984
100 1# - AUTHOR
Personal name Huck, Schuyler W.
245 10 - TITLE
Title Statistical illusions, solutions /
Statement of responsibility, etc Schuyler W. Huck, Howard M. Sandler.
260 ## - PUBLICATION INFORMATION
Place of publication New York :
Name of publisher Harper & Row,
Year of publication c1984.
300 ## - DESCRIPTION
Number of Pages ix, 181 p. :
Other physical details ill. ;
Dimensions 24 cm.
500 ## - NOTES
General note Companion vol.: Statistical illusions, problems.
500 ## - NOTES
General note Includes index.
505 ## - FORMATTED CONTENTS NOTE
Table of Content Section One: Measures of Central Tendency <br/>Section Two : Measures of Variability <br/>Section Three: The Normal Distribution <br/>Section Four: Other Distribution Shapes<br/>Section Five: Bivariate Correlation <br/>Section Six: Bivariate Regression <br/>Section Seven: Probability <br/>Section Eight: Sampling <br/>Section Nine : Estimation <br/>Section Ten: Fundamentals of Hypothesis<br/>Section Eleven: Test on Means<br/>Section Twelve : Parametric Test on Things Other Than Means <br/>Section Thirteen : Nonparametric Techniques <br/>Section Fourteen : Partial and Multiple Correlation <br/>Section Fifteen: Measurement Issues
650 #0 - SUBJECTS
Topical Term Mathematical statistics
General subdivision Problems, exercises, etc.
700 1# - OTHER AUTHORS
Personal name Sandler, Howard M.,
942 ## - ADDED ENTRY ELEMENTS (KOHA)
Koha item type Books
Holdings
Withdrawn status Lost status Collection code Home library Current library Shelving location Date acquired Full call number Accession Number Koha item type
    Reference Methodist University Library Main Methodist University Library Main New Materials Shelf 02/07/2000 QA276.2 .H825 1984 14190 Books
Copyright © 2026  MUG Library